书目信息 |
| 题名: |
近代化学简史
|
|
| 作者: | 白杨 编著 | |
| 分册: | ||
| 出版信息: | 北京 北京理工大学出版社 2019.07 |
|
| 页数: | 171页 | |
| 开本: | 24cm | |
| 丛书名: | ||
| 单 册: | ||
| 中图分类: | O6-091 | |
| 科图分类: | ||
| 主题词: | 化学史--hua xue shi--世界 | |
| 电子资源: | ||
| ISBN: | 978-7-5682-7329-9 | |
| 000 | 01146nam0 2200253 450 | |
| 001 | 2065102321 | |
| 005 | 20201105180509.94 | |
| 010 | @a978-7-5682-7329-9@dCNY42.00 | |
| 100 | @a20190926d2019 em y0chiy50 ea | |
| 101 | 0 | @achi |
| 102 | @aCN@b110000 | |
| 105 | @ay a 000yy | |
| 200 | 1 | @a近代化学简史@Ajin dai hua xue jian shi@e燃烧的秘密@d= The brief history of modern chemistry@ethe secrets of combustion@f白杨编著@zeng |
| 210 | @a北京@c北京理工大学出版社@d2019.07 | |
| 215 | @a171页@d24cm | |
| 320 | @a有书目 | |
| 330 | @a本书是关于化学史起源的记述。在化学刚刚独立的时代, 燃烧的本质是当时化学家所关心的最重要的课题。在研究这一核心课题的过程中, 化学学科的本质和特点也逐渐得以形成。出现在本书中的人物, 都是和这一核心问题相关的了不起的名垂青史的科学家, 从波义耳到拉瓦锡, 从《平龙认》到《化学史传》, 本书力图呈现的是化学史上波澜壮阔的早期岁月。 | |
| 510 | 1 | @aBrief history of modern chemistry@ethe secrets of combustion@zeng |
| 517 | 1 | @a燃烧的秘密@Aran shao de mi mi |
| 606 | 0 | @a化学史@Ahua xue shi@y世界 |
| 690 | @aO6-091@v5 | |
| 701 | 0 | @a白杨@Abai yang@4编著 |
| 801 | 0 | @aCN@b人天书店@c20201005 |
| 905 | @aZUCC@dO6-091@eB152 | |
| 近代化学简史:燃烧的秘密= The brief history of modern chemistry:the secrets of combustion/白杨编著.-北京:北京理工大学出版社,2019.07 |
| 171页;24cm |
| ISBN 978-7-5682-7329-9:CNY42.00 |
| 本书是关于化学史起源的记述。在化学刚刚独立的时代, 燃烧的本质是当时化学家所关心的最重要的课题。在研究这一核心课题的过程中, 化学学科的本质和特点也逐渐得以形成。出现在本书中的人物, 都是和这一核心问题相关的了不起的名垂青史的科学家, 从波义耳到拉瓦锡, 从《平龙认》到《化学史传》, 本书力图呈现的是化学史上波澜壮阔的早期岁月。 |
| ● |
| 相关链接 |
|
|
|
正题名:近代化学简史
索取号:O6-091/B152
 
预约/预借
| 序号 | 登录号 | 条形码 | 馆藏地/架位号 | 状态 | 备注 |
| 1 | 1480284 | 214802846 | 自科库401/401自科库 60排5列1层/ [索取号:O6-091/B152] | 在馆 | |
| 2 | 1480285 | 214802855 | 自科库401/401自科库 60排5列1层/ [索取号:O6-091/B152] | 在馆 |